| 000 | 00967nas a2200337 4500 | ||
|---|---|---|---|
| 001 | BR2017001981 | ||
| 003 | BR-BrBNA | ||
| 005 | 20231205131028.0 | ||
| 007 | ta | ||
| 008 | 230509b bl.|||p| |||| 00| 00por d | ||
| 040 |
_aBR-BrBNA _bpor _cBiblioteca Nacional de Agricultura |
||
| 041 | _a(En) | ||
| 072 | _aF06; F01 | ||
| 100 | 1 | _aBartz, A.C. | |
| 100 | 1 | _aMuttoni, M. | |
| 100 | 1 | _aAlberto, C.M. | |
| 100 | 1 | _aStreck, N.A. | |
| 100 | 1 | _aMachado, G.A. | |
| 100 | 1 | _aGiacomeli, R. | |
| 100 | 1 | _aHelgueira, D.B. | |
| 100 | 1 | _aMoura, D. da S. | |
| 245 | 1 | _aThermal time in sprinkler-irrigated lowland rice | |
| 650 | _aARROZ | ||
| 650 | _aIRRIGAÇÃO POR ASPERSÃO | ||
| 650 | _aFENOLOGIA | ||
| 650 | _aCONDIÇÃO AMBIENTAL | ||
| 650 | _aTEMPERATURA | ||
| 773 | 0 |
_tPesquisa Agropecuária Brasileira (Brazil) _xISSN 0100-204X _g(Jul 2017), v. 52(7) p. 475-484 _wBR2017001981 |
|
| 909 |
_a202311 _bLúcia _c55 _dLúcia Elande |
||
| 942 |
_2AGRIS _n0 _cANA |
||
| 999 |
_c252663 _d252663 |
||